| 000 | 007010000a22001930004500 | ||
|---|---|---|---|
| 008 | 230817t ||||| |||| 00| 0 eng d | ||
| 020 | _a924156153X | ||
| 082 |
_a612.6 _bSPE |
||
| 110 | _aSpecial Programme of Research, Development, and Research Training in Human Reproduction | ||
| 245 |
_aReproductive health : a key to a brighter future : _bbiennial report 1990-1991 : special 20th anniversary issue |
||
| 260 |
_aGeneva: _bWorld Health Organization, _c1992 |
||
| 300 | _axiii, 171 p. : ill. ; 29 cm | ||
| 650 | _aHuman reproduction | ||
| 650 | _aWomen -- Health and hygiene | ||
| 700 |
_aKhanna, J _eed. |
||
| 700 |
_a Look, P. F. A. van _eed. |
||
| 700 |
_aGriffin, P. D _eed. |
||
| 942 | _cRP | ||
| 999 |
_c2281 _d2281 |
||